Quiz do Mali - Statistics

Estatísticas Gerais
  • Esse quiz foi jogado 407 vezes
  • A pontuação média é 12 de 19
Estatísticas das Respostas
Dica Resposta % Correto
Deserto cobrindo a parte norte do Mali Saara
91%
Países fazendo fronteira com o Mali Argélia
90%
Religião mais comum Islã
90%
Língua oficial Francês
89%
Países fazendo fronteira com o Mali Mauritânia
88%
Países fazendo fronteira com o Mali Níger
87%
Países fazendo fronteira com o Mali Burkina Faso
85%
Países fazendo fronteira com o Mali Senegal
83%
Países fazendo fronteira com o Mali Guiné
80%
Países fazendo fronteira com o Mali Costa do Marfim
77%
Grande linha de longitude que atravessa o leste do Mali Primário
71%
Capital Bamako
63%
Área semi-árida localizada ao sul do acima Sahel
49%
Antiga cidade no centro do Mali que já foi um importante centro comercial Tombuctu
42%
Líder do Império do Mali que é as vezes chamado de a pessoa mais rica da história Mansa {Muça}
35%
Nomeie um dos dois grupos étnicos mais comuns do Mali Mandê | Fulas
31%
Material de como a Grande Mesquita de Djenné foi feita Adobe
27%
Palavra começando com "G" que refere para uma pessoa africana que transmite histórias Griot
21%
Entre todos os países, o Mali está empatado pela maior média anual de ... Temperatura
20%
Nenhum quiz correspondente encontrado
Distribuição das Pontuações
Porcentagem de Pessoas com Cada Pontuação
Percentil de Números Respondidos
Sua Pontuação Histórica
Você não jogou esse quiz